Red Bull maut - Statistics

Yleistilastot
  • Tätä visaa on pelattu 45 kertaa
  • Keskiarvotulos 5 / 15
Vastaustilastot
Hint Vastaus % Oikein
the blue edition mustikka
93%
pink edition sugarfree vadelma
76%
ice edition mehujää
68%
lime green edition curuba
46%
coconut edition kookos mustikka
46%
red edition vesimelooni
39%
apricot edition aprikoosi mansikka
34%
green edition kaktus
34%
summer edition 2025 white peach
24%
purple edition metsämansikka
20%
alkuperäinen ("normi red bull" original
17%
vaalen sininen (sokeriton) sugarfree
17%
sea blue edition tuomipihlaja
7%
winter edition 2025 fuji apple ginger
5%
spring edition (vaalean liila) verigreippi tuoksumatara
0%
Ehtoja vastaavia visoja ei löytynyt
Tulosjakauma
Jokaisen tuloksen saaneiden osuus
Persentiili vastausten määrän mukaan
Tuloshistoriasi
Et ole pelannut tätä visaa